The body in the Volvo / (Record no. 16609)
[ view plain ]
| 000 -LEADER | |
|---|---|
| fixed length control field | 00921cam a2200265Ia 4500 |
| 001 - CONTROL NUMBER | |
| control field | bodyinvolvo00beck |
| 003 - CONTROL NUMBER IDENTIFIER | |
| control field | CaSfIA |
| 005 - DATE AND TIME OF LATEST TRANSACTION | |
| control field | 20230525154642.0 |
| 007 - PHYSICAL DESCRIPTION FIXED FIELD--GENERAL INFORMATION | |
| fixed length control field | cr|||| |
| 008 - FIXED-LENGTH DATA ELEMENTS--GENERAL INFORMATION | |
| fixed length control field | 890824t19891987nyu 000 1 eng d |
| 010 ## - LIBRARY OF CONGRESS CONTROL NUMBER | |
| LC control number | 87015938 |
| 040 ## - CATALOGING SOURCE | |
| Original cataloging agency | OHI |
| Transcribing agency | OHI |
| Modifying agency | OCLCQ |
| -- | BTCTA |
| -- | CaSfIA |
| 020 ## - INTERNATIONAL STANDARD BOOK NUMBER | |
| International Standard Book Number | 0804103712 (pbk.) : |
| Terms of availability | $3.50 ($4.50 Can.) |
| 020 ## - INTERNATIONAL STANDARD BOOK NUMBER | |
| International Standard Book Number | 9780804103718 (pbk.) |
| 035 ## - SYSTEM CONTROL NUMBER | |
| System control number | (OCoLC)20242295 |
| 090 ## - LOCALLY ASSIGNED LC-TYPE CALL NUMBER (OCLC); LOCAL CALL NUMBER (RLIN) | |
| Classification number (OCLC) (R) ; Classification number, CALL (RLIN) (NR) | PS3552.E248 |
| Local cutter number (OCLC) ; Book number/undivided call number, CALL (RLIN) | B6 1989x |
| 100 1# - MAIN ENTRY--PERSONAL NAME | |
| Personal name | Beck, K. K. |
| 245 14 - TITLE STATEMENT | |
| Title | The body in the Volvo / |
| Medium | [electronic resource] |
| Statement of responsibility, etc. | K.K. Beck. |
| 250 ## - EDITION STATEMENT | |
| Edition statement | 1st Ballantine Books ed. |
| 260 ## - PUBLICATION, DISTRIBUTION, ETC. | |
| Place of publication, distribution, etc. | New York : |
| Name of publisher, distributor, etc. | Ballantine, |
| Date of publication, distribution, etc. | 1989, c1987. |
| 300 ## - PHYSICAL DESCRIPTION | |
| Extent | 202 p. ; |
| Dimensions | 18 cm. |
| 500 ## - GENERAL NOTE | |
| General note | "Ivy books." |
| 856 41 - ELECTRONIC LOCATION AND ACCESS | |
| Uniform Resource Identifier | <a href="http://www.archive.org/details/bodyinvolvo00beck">http://www.archive.org/details/bodyinvolvo00beck</a> |
| Public note | Free eBook from the Internet Archive |
| 856 42 - ELECTRONIC LOCATION AND ACCESS | |
| Uniform Resource Identifier | <a href="http://www.openlibrary.org/books/OL24390327M">http://www.openlibrary.org/books/OL24390327M</a> |
| Public note | Additional information and access via Open Library |
| Withdrawn status | Lost status | Damaged status | Not for loan | Collection | Home library | Current library | Date acquired | Total Checkouts | Date last seen | Price effective from | Koha item type |
|---|---|---|---|---|---|---|---|---|---|---|---|
| Project Gutenberg | Main Library | Main Library | 05/25/2023 | 05/25/2023 | 05/25/2023 | EBooks |